000 01027 a2200217 4500
005 20080826145036.0
008 080826t xxu||||| |||| 00| 0 hin d
010 _aHIN-83152
020 _c200.00
_a8189576038
035 _aHN-55498
037 _bपु.प्र.अ.प्र /प्रका
082 _a649.1
100 _aगिजु भाई
245 _aमाता-पिता की माथापच्ची /
_cगिजु भाई
246 _aMata-pita kee matha pachchi
_bby Gijubhai
260 _aहापुड़
_bकल्पतरू प्रकाशन
_c2007
270 _aरेवती कुंज
_bहापुड़
_e245101
300 _a160पृ
_c22 सेमी (सजिल्द)
942 _adpl
_cHN
_k649.1 / गिजुभा
_2ddc
_h649.1
_mगिजुभा
999 _c11768
_d11768